|
|
|
|
| LEADER |
01012nam a22002778a 4500 |
| 001 |
00040185 |
| 005 |
20171120151136.0 |
| 008 |
171115s2017####-vm#################vie|d |
| 020 |
# |
# |
|a 978 604 64 8135 5
|c 68000
|
| 041 |
0 |
# |
|a Vie
|
| 082 |
1 |
4 |
|a 305.409 597
|b B101H
|
| 100 |
1 |
# |
|e sưu tầm,biên soạn
|a Trần, Thị Mai Thanh
|
| 245 |
1 |
0 |
|a Bác Hồ với Phụ Nữ
|c Trần Thị Mai Thanh; Vũ Kim Yến (sưu tầm,biên soạn)
|
| 260 |
# |
# |
|a Hà Nội
|b Thanh Niên
|c 2017
|
| 300 |
# |
# |
|a 242 tr
|c 21 cm.
|e Thư mục; 237 -240
|
| 504 |
# |
# |
|a Thư mục: tr. 237 -240
|
| 653 |
# |
# |
|a Hồ Chí Minh
|
| 653 |
# |
# |
|a Lãnh tụ cách mạng
|
| 653 |
# |
# |
|a Phụ nữ
|
| 653 |
# |
# |
|a Việt Nam
|
| 653 |
# |
# |
|a bài viết
|
| 700 |
1 |
# |
|a Vũ, Kim Yến
|e sưu tầm,biên soạn
|
| 852 |
# |
# |
|j KM.0023188
|j KM.0023187
|j KD.0022423
|j KM.0023186
|
| 910 |
# |
# |
|b dtchanh
|d 15/11/2017
|
| 980 |
# |
# |
|a Trung tâm Học liệu Lê Vũ Hùng, Trường Đại học Đồng Tháp
|